Student solutions manual to accompany Sanders' statistics (Record no. 58752)

MARC details
000 -LEADER
fixed length control field 00554nam a2200157 a 4500
008 - FIXED-LENGTH DATA ELEMENTS--GENERAL INFORMATION
fixed length control field 120416s0000 ||||||||||||||||| || u
020 ## - INTERNATIONAL STANDARD BOOK NUMBER
International Standard Book Number 0070549427
050 ## - LIBRARY OF CONGRESS CALL NUMBER
Classification number QA 276.12 Ban
100 ## - MAIN ENTRY--PERSONAL NAME
Personal name Banks, John A
245 10 - TITLE STATEMENT
Title Student solutions manual to accompany Sanders' statistics
246 ## - VARYING FORM OF TITLE
Title proper/short title a first course
250 ## - EDITION STATEMENT
Edition statement 5th ed.
260 ## - PUBLICATION, DISTRIBUTION, ETC.
Place of publication, distribution, etc. New York
Name of publisher, distributor, etc. McGraw-Hill
Date of publication, distribution, etc. 1995
350 ## - PRICE (NR) (BK AM CF MU VM SE) [OBSOLETE]
Price 0.00
995 ## - RECOMMENDATION 995 [LOCAL, UNIMARC FRANCE]
-- 0.00
-- CBU-MAIN LIBRARY (Kitwe)
-- 1
-- 10.00
-- 1
-- AVAILABLE
-- Main Library Open Access Collection
Holdings
Withdrawn status Lost status Source of classification or shelving scheme Damaged status Not for loan Home library Current library Shelving location Date acquired Total Checkouts Full call number Barcode Date last seen Price effective from Koha item type
          CBU-MAIN LIBRARY, KITWE. CBU-MAIN LIBRARY, KITWE.   11/30/2022   QA 276.12 Ban 021391 11/30/2022 11/30/2022 MONOGRAPH